[Event "Challenge"]
[Site "http://www.queenalice.com/game.php?id=276957"]
[Date "2007.9.25"]
[Round "-"]
[White "sdtonho"]
[Black "Prates"]
[Result "0-1"]
[WhiteElo "1229"]
[BlackElo "1704"]

1. e4 e5 2. Qh5 d6 3. Bc4 g6 4. Bxf7+ Kxf7 5. Qf3+ Nf6 6. Qb3+ Ke8 7. Qa4+ Nc6
8. Nf3 Bd7 9. d3 Nd4 10. Nxd4 Bxa4 11. Ne6 Qd7 12. Nxf8 Rxf8 13. O-O Bxc2 14.
Nc3 Bxd3 15. Rd1 Bxe4 16. Nxe4 Nxe4 17. Bh6 Rxf2 18. Kh1 Rxb2 19. Bc1 Rc2 20.
Ba3 Nf2+ 21. Kg1 Qg4 22. Re1 Nd3 23. Rf1 Qxg2# 0-1

[Event "Challenge"]
[Site "http://www.queenalice.com/game.php?id=278677"]
[Date "2007.9.29"]
[Round "-"]
[White "sdtonho"]
[Black "sd505almeida"]
[Result "0-1"]
[WhiteElo "1201"]
[BlackElo "1113"]

1. e4 d6 2. Bb5+ c6 3. Ba4 b5 4. Bb3 Nf6 5. f3 g5 6. Qe2 g4 7. h3 gxh3 8. gxh3
a6 9. Qg2 d5 10. Nc3 dxe4 11. fxe4 Bh6 12. Qg3 a5 13. Qh4 Rg8 14. e5 Nfd7 15.
Qxh6 Nxe5 16. Qxh7 Rf8 17. Qg7 Qd4 18. Qh7 Ra7 19. h4 Rd7 20. h5 a4 21. Nxa4
bxa4 22. Bxa4 Qxa4 23. Rh3 Qg4 24. h6 Qxg1+ 25. Ke2 Ba6+ 26. d3 Qg2+ 27. Ke1
Qxh3 28. Qg7 Qh1+ 29. Kd2 Qh2+ 30. Kc3 Nxd3 31. cxd3 Rd4 32. Kxd4 Nd7 33. h7 e5+
34. Kc3 Qh3 35. Kc2 Qxd3# 0-1

[Event "mattbel"]
[Site "http://www.queenalice.com/game.php?id=282015"]
[Date "2007.10.6"]
[Round "2"]
[White "sdtonho"]
[Black "charlao"]
[Result "1-0"]
[WhiteElo "1193"]
[BlackElo "1320"]

1. g3 e5 2. Nf3 Qf6 3. Bh3 Nh6 4. O-O Bd6 5. c4 e4 6. Nc3 Qe7 7. Nd5 Qe6 8. d3
exf3 9. exf3 Nf5 10. Re1 Be5 11. Nxc7+ Kd8 12. Nxe6+ fxe6 13. Rxe5 Nc6 14. Bg5+
Ke8 15. Rc5 Ncd4 16. f4 h6 17. Bh4 d6 18. Qh5+ Kf8 19. Ra5 Nf3+ 20. Qxf3 Nd4 21.
Qe3 Nc2 22. Qd2 Nxa1 23. Qd1 b6 24. Ra3 e5 25. g4 exf4 26. Qxa1 Be6 27. Qe1 Re8
28. Rxa7 f3 29. Ra6 Bd7 30. Qd1 Bc6 31. Rxb6 Ba4 32. b3 g5 33. Qxf3+ Ke7 34. Qg3
gxh4 35. Qxd6+ Kf7 36. Qg6+ Kf8 37. Rf6+ Ke7 38. Qf7+ Kd8 39. Rd6+ Kc8 40. g5+
Kb8 41. Rb6+ Ka8 42. Bg2+ Bc6 43. Bxc6# 1-0

[Event "Challenge"]
[Site "http://www.queenalice.com/game.php?id=284932"]
[Date "2007.10.11"]
[Round "-"]
[White "charlao"]
[Black "sdtonho"]
[Result "1/2-1/2"]
[WhiteElo "1366"]
[BlackElo "1211"]

1. e4 b6 2. d4 Nc6 3. Qf3 Nf6 4. Nh3 g6 5. e5 Nxd4 6. Qf4 Ne6 7. Qf3 Rb8 8. exf6
exf6 9. g4 Bb7 10. Qa3 Bxa3 11. bxa3 Nd4 12. Kd2 Nb3+ 13. axb3 Bxh1 14. Kd1 O-O
15. a4 Qe7 16. Bd2 Qe5 17. Nc3 Bf3+ 18. Be2 Bxe2+ 19. Nxe2 Qxa1+ 20. Bc1 Rfe8
21. g5 Rxe2 22. Kxe2 Re8+ 23. Be3 Qh1 24. gxf6 Qxh2 25. Nf4 Qxf2+ 26. Kxf2 g5
27. Nd5 Rd8 28. Ne7+ Kh8 29. Bxg5 c6 30. Bh6 Rg8 31. Bg7+ Rxg7 32. fxg7+ Kxg7
33. c4 Kf8 34. Nc8 h5 35. Nxa7 h4 36. b4 h3 37. Kg3 f5 38. Kxh3 f4 39. Kg4 d5
40. Nxc6 dxc4 41. Nd4 c3 42. Kxf4 Kg7 43. a5 bxa5 44. bxa5 Kf8 45. a6 Ke8 46. a7
Kd7 47. a8=Q Kd6 48. Qa3+ Kd5 49. Qb4 c2 50. Nxc2 Kc6 51. Nd4+ Kd7 52. Qb5+ Kd6
53. Qc6+ Ke7 54. Qe6+ Kf8 55. Nf5 1/2-1/2

[Event "Challenge"]
[Site "http://www.queenalice.com/game.php?id=285049"]
[Date "2007.10.11"]
[Round "-"]
[White "Wefferson_Emerich"]
[Black "sdtonho"]
[Result "1-0"]
[WhiteElo "1343"]
[BlackElo "1235"]

1. e4 g6 2. Bc4 Nf6 3. Qf3 Bh6 4. e5 O-O 5. exf6 exf6 6. Na3 Qe7+ 7. Ne2 Nc6 8.
c3 Ne5 9. Qg3 d6 10. O-O a6 11. d4 1-0

[Event "Tudo pela AMAZONIA !!SELVA!!"]
[Site "http://www.queenalice.com/game.php?id=287257"]
[Date "2007.10.16"]
[Round "-"]
[White "charlao"]
[Black "sdtonho"]
[Result "1-0"]
[WhiteElo "1381"]
[BlackElo "1171"]

1. e4 Nc6 2. d4 Nf6 3. e5 Nh5 4. Qxh5 g6 5. Qf3 Bg7 6. Bc4 O-O 7. h4 a6 8. Qh3
b5 9. h5 e6 10. hxg6 fxg6 11. Qxh7+ Kf7 12. Bh6 Rh8 13. Qxg7+ Ke8 14. Qxh8+ Ke7
15. Bg5+ Kf7 16. Qh7+ Kf8 17. Bxd8 Nxd8 18. Qh8+ Kf7 19. Rh7# 1-0

[Event "Challenge"]
[Site "http://www.queenalice.com/game.php?id=287671"]
[Date "2007.10.16"]
[Round "-"]
[White "sdtonho"]
[Black "rmchacal"]
[Result "0-1"]
[WhiteElo "1172"]
[BlackElo "1478"]

1. Nf3 d5 2. g3 Nc6 3. Bg2 e5 4. O-O e4 5. Nh4 Bd6 6. c3 Nf6 7. Na3 O-O 8. d3
Bg4 9. f3 exf3 10. exf3 Bh5 11. Qe2 Re8 12. Qd1 d4 13. Nf5 Re5 14. Bh3 g6 15.
Nh6+ Kg7 16. Nc4 Re6 17. cxd4 Re8 18. a3 Nxd4 19. b4 Be5 20. f4 Bxd1 21. Rxd1
Nf3+ 22. Kf1 Nxh2+ 23. Kg2 Bxa1 24. Kxh2 Kxh6 25. f5+ Kg7 26. Rf1 Re2+ 27. Bg2
Qxd3 28. Rf4 Be5 29. Rh4 Qxg3+ 30. Kh1 Qxg2# 0-1

[Event "Challenge"]
[Site "http://www.queenalice.com/game.php?id=287675"]
[Date "2007.10.16"]
[Round "-"]
[White "sdtonho"]
[Black "mattbel"]
[Result "0-1"]
[WhiteElo "1172"]
[BlackElo "1603"]

1. Nf3 e6 2. Nc3 d5 3. g3 Bc5 4. e3 Nf6 5. Bb5+ c6 6. Ba4 b5 7. Nxb5 cxb5 8.
Bxb5+ Bd7 9. a4 O-O 10. Bd3 e5 11. Nxe5 Bh3 12. Nc6 Nxc6 13. b3 Ng4 14. Bb2 Nce5
15. Ba3 Qf6 16. Bxc5 Nf3+ 17. Ke2 Nfxh2 18. e4 d4 19. f3 Qxf3+ 20. Ke1 Qf2# 0-1

[Event "Challenge"]
[Site "http://www.queenalice.com/game.php?id=287693"]
[Date "2007.10.16"]
[Round "-"]
[White "sdtonho"]
[Black "sd505almeida"]
[Result "0-1"]
[WhiteElo "1181"]
[BlackElo "1190"]

1. Nf3 d5 2. g3 Qd6 3. Bg2 d4 4. O-O e5 5. d3 Nf6 6. c4 Qe6 7. Qa4+ c6 8. Qa5 h5
9. Nxe5 Qf5 10. e4 Qg5 11. Bxg5 b6 12. Qa4 Ng4 13. Qxc6+ Nxc6 14. Nxc6 f6 15.
Bf4 h4 16. Nxd4 hxg3 17. Bxg3 Rb8 18. h3 Ne5 19. a4 Rb7 20. Ra3 Bxa3 21. bxa3
Rd7 22. Ne6 Nxd3 23. Nxg7+ Kf7 24. Nf5 Rdd8 25. Nd2 Rdg8 26. Nd6+ Ke6 27. Nf5
Rg5 28. h4 Rg4 29. Nd4+ Ke7 30. Bh3 Rg6 31. Bf5 Rg7 32. Nc6+ Kf7 33. Nf3 Bb7 34.
Ncd4 Nb2 35. Ng5+ Ke7 36. Nge6 Rf7 37. e5 fxe5 38. Bg6 Rf6 39. Nf5+ Kxe6 40.
Ng7+ Ke7 41. Bxe5 Rxg6+ 42. Bg3 Rxg7 43. Re1+ Kf7 44. Re3 Nxc4 45. Rc3 Nd2 46.
Rc7+ Kg6 47. Rxg7+ Kxg7 48. Be5+ Kh7 49. Bf4 Rg8+ 50. Bg5 Nf3+ 51. Kf1 Re8 52.
h5 Nxg5 0-1

[Event "Challenge"]
[Site "http://www.queenalice.com/game.php?id=296097"]
[Date "2007.10.31"]
[Round "-"]
[White "robertolanger"]
[Black "sdtonho"]
[Result "1-0"]
[WhiteElo "1375"]
[BlackElo "1202"]

1. e4 e6 2. d4 c6 3. e5 Bb4+ 4. c3 Be7 5. Nf3 h5 6. Bd3 Nh6 7. Be3 b5 8. c4 Bb4+
9. Bd2 Ba5 10. O-O g6 11. Ng5 Nf5 12. cxb5 cxb5 13. Bxb5 Nxd4 14. Ba4 Qb6 15.
Bxa5 Qxa5 16. Qxd4 Ba6 17. Rd1 Be2 18. Rc1 Nc6 19. Bxc6 dxc6 20. b4 Qa6 21. a3
Rb8 22. Nc3 Bg4 23. Qd6 Qb6 24. Rd1 Bxd1 25. Rxd1 h4 26. Qd7+ Kf8 27. Qxf7# 1-0

[Event "Tudo pela AMAZONIA !!SELVA!!"]
[Site "http://www.queenalice.com/game.php?id=296186"]
[Date "2007.11.1"]
[Round "-"]
[White "charlao"]
[Black "sdtonho"]
[Result "1-0"]
[WhiteElo "1561"]
[BlackElo "1173"]

1. e4 e6 2. d4 c6 3. Nc3 Na6 4. Bxa6 bxa6 5. Bf4 h6 6. Nge2 g5 7. Be5 Rh7 8. d5
c5 9. dxe6 fxe6 10. Ng3 Rb8 11. Bxb8 Rf7 12. Bd6 Nf6 13. Bxf8 Rxf8 14. e5 Ng8
15. Nge4 d5 16. Nxc5 Rf5 17. Qh5+ Kf8 18. Qe2 Qe7 19. N3a4 Rf4 20. O-O-O Bd7 21.
g3 Rxa4 22. Nxa4 Bxa4 23. Qxa6 Be8 24. Rhe1 g4 25. Qe2 h5 26. Rd4 Qg5+ 27. Kb1
Nf6 28. exf6 Qxf6 29. Rf4 Qf7 30. Rxf7+ Bxf7 31. Qa6 Bg6 32. Qxe6 Bxc2+ 33. Kxc2
Kg7 34. Re5 a5 35. Rg5+ 1-0

[Event "mattbel"]
[Site "http://www.queenalice.com/game.php?id=299499"]
[Date "2007.11.6"]
[Round "3"]
[White "rmchacal"]
[Black "sdtonho"]
[Result "1-0"]
[WhiteElo "1580"]
[BlackElo "1193"]

1. e4 Na6 2. d4 d6 3. Nc3 Be6 4. d5 Bd7 5. Bd3 g6 6. Nf3 Bg7 7. O-O Nf6 8. e5
Nh5 9. exd6 cxd6 10. Re1 O-O 11. Bd2 Qc8 12. Rxe7 Bd4 13. Nxd4 Qd8 14. Re4 Rc8
15. Bxa6 bxa6 16. Bh6 Re8 17. Rxe8+ Bxe8 18. Qf3 Rc4 19. Ne6 Qc8 20. b3 Rxc3 21.
Qd1 Rxc2 22. Rc1 Rc3 23. Rxc3 Qxc3 24. Nf4 Qe5 25. Nxh5 gxh5 26. g3 Qf6 27. Qe2
Bd7 28. Qe3 Qa1+ 29. Kg2 Qxa2 30. Qg5+ Kh8 31. Qg7# 1-0

[Event "Challenge"]
[Site "http://www.queenalice.com/game.php?id=304024"]
[Date "2007.11.15"]
[Round "-"]
[White "sdtonho"]
[Black "robertolanger"]
[Result "0-1"]
[WhiteElo "1192"]
[BlackElo "1410"]

1. e3 d5 2. Bd3 Nf6 3. Qe2 e5 4. Nh3 Bg4 5. f3 Bxh3 6. gxh3 g6 7. c3 d4 8. cxd4
exd4 9. exd4+ Be7 10. Qd1 Qxd4 11. Qc2 c6 12. Nc3 Qh4+ 13. Ke2 Qxh3 14. Qd1 Nbd7
15. Rg1 Qxh2+ 16. Kf1 Bc5 17. Rg2 Qh1+ 18. Rg1 Qxg1+ 19. Ke2 Qf2# 0-1

[Event "Challenge"]
[Site "http://www.queenalice.com/game.php?id=312614"]
[Date "2007.11.29"]
[Round "-"]
[White "mattbel"]
[Black "sdtonho"]
[Result "1-0"]
[WhiteElo "1581"]
[BlackElo "1183"]

1. e4 e6 2. Nf3 Bd6 3. Bc4 Qe7 4. e5 Bc5 5. O-O d6 6. exd6 cxd6 7. a3 Qc7 8. b4
Bb6 9. d3 Bd7 10. Nc3 Nf6 11. Bg5 h6 12. Bf4 Ng4 13. Be3 Nxe3 14. fxe3 Bxe3+ 15.
Kh1 h5 16. Ng5 Bxg5 17. Qf3 Bf6 18. Nb5 Qb6 19. Nxd6+ Qxd6 20. Rad1 1-0

[Event "Challenge"]
[Site "http://www.queenalice.com/game.php?id=312639"]
[Date "2007.11.29"]
[Round "-"]
[White "BOBWINNER"]
[Black "sdtonho"]
[Result "1-0"]
[WhiteElo "1857"]
[BlackElo "1181"]

1. e4 e6 2. Nc3 Qf6 3. d4 Bd6 4. e5 Bxe5 5. dxe5 Qxe5+ 6. Nge2 Nf6 7. Bf4 Qd5 8.
Nxd5 Nxd5 9. Qd4 Rg8 10. O-O-O Nc6 11. Qd3 Nxf4 12. Nxf4 Nb4 13. Qxh7 Rf8 14.
Kb1 a6 15. Qxg7 Ra7 16. h4 1-0

[Event "Let's Play Chess!"]
[Site "http://www.queenalice.com/game.php?id=323926"]
[Date "2007.12.21"]
[Round "-"]
[White "sdtonho"]
[Black "trallala"]
[Result "0-1"]
[WhiteElo "1185"]
[BlackElo "1828"]

1. e3 e5 2. Qf3 d5 3. Bd3 e4 4. Bxe4 dxe4 5. Qxe4+ Be7 6. Qa4+ Nc6 7. Qb3 Nf6 8.
Nf3 O-O 9. Qd3 Qxd3 10. cxd3 Nb4 11. Kf1 Nc2 0-1

[Event "Let's Play Chess!"]
[Site "http://www.queenalice.com/game.php?id=323928"]
[Date "2007.12.21"]
[Round "-"]
[White "jounieh"]
[Black "sdtonho"]
[Result "1-0"]
[WhiteElo "2034"]
[BlackElo "1163"]

1. e4 e6 2. d4 Qf6 3. Nf3 Bd6 4. e5 Bxe5 5. dxe5 Qf5 6. Nc3 Na6 7. Qd3 g6 8.
Qxf5 gxf5 9. Bg5 h6 10. Bh4 d6 11. exd6 cxd6 12. O-O-O Ne7 13. Rxd6 Bd7 14. Bxa6
Rb8 15. Ne5 O-O 16. Bxe7 Rfe8 17. Rxd7 b6 18. Bf6 Rbd8 19. Rhd1 1-0

[Event "Let's Play Chess!"]
[Site "http://www.queenalice.com/game.php?id=336311"]
[Date "2008.1.14"]
[Round "-"]
[White "sdtonho"]
[Black "None"]
[Result "0-1"]
[WhiteElo "1163"]
[BlackElo "1306"]

1. e3 a6 2. Be2 e5 3. Nf3 Nc6 4. Nc3 Bc5 5. a4 d6 6. Rg1 Nb4 7. Ra3 Bg4 8. h3
Bh5 9. d4 exd4 10. exd4 Ba7 11. Rb3 a5 12. Bb5+ c6 13. Bc4 d5 14. Nxd5 cxd5 15.
Bb5+ Nc6 16. Qe2+ Qe7 17. Re3 Nf6 18. Rxe7+ Kd8 19. Bxc6 bxc6 20. g4 Bg6 21. Bd2
Re8 22. Bxa5+ Kc8 23. Rxe8+ Nxe8 24. Qxe8+ Kb7 25. Qe7+ Ka6 0-1

[Event "Let's Play Chess!"]
[Site "http://www.queenalice.com/game.php?id=336346"]
[Date "2008.1.14"]
[Round "-"]
[White "sdtonho"]
[Black "None"]
[Result "0-1"]
[WhiteElo "1163"]
[BlackElo "1147"]

1. e3 a6 2. Be2 e5 3. Nf3 e4 4. Nd4 Bc5 5. Nf5 d5 6. Rf1 Bxf5 7. Bg4 Qg5 8. h3
Bd6 9. f4 Qh4+ 10. Rf2 Ne7 11. Bxf5 Nxf5 12. b3 Qg3 13. Qe2 h5 14. Bb2 f6 15.
Nc3 c6 16. Na4 Nd7 17. d3 Nxe3 18. Bd4 Nf5 19. Bb2 Bxf4 20. Rd1 e3 21. Qg4 Qxf2#
0-1

[Event "Let's Play Chess!"]
[Site "http://www.queenalice.com/game.php?id=336347"]
[Date "2008.1.14"]
[Round "-"]
[White "sdtonho"]
[Black "None"]
[Result "0-1"]
[WhiteElo "1163"]
[BlackElo "1185"]

1. e3 a6 2. Be2 d5 3. Nf3 Bf5 4. Nc3 e6 5. Ne5 Bd6 6. Nxf7 Kxf7 7. Bh5+ Kf8 8.
e4 Bg6 9. h4 Nf6 10. Bg4 Qe7 11. h5 Bxe4 12. Rg1 Bh2 13. Rh1 Be5 14. f3 Bf5 15.
b4 Bg3+ 16. Kf1 Qxb4 17. Qe2 Kf7 18. Rh3 Bxg4 19. fxg4 Qf4+ 20. Qf3 Qc4+ 21. d3
Qxc3 22. Rb1 Qe1# 0-1

[Event "Let's Play Chess!"]
[Site "http://www.queenalice.com/game.php?id=336348"]
[Date "2008.1.14"]
[Round "-"]
[White "sdtonho"]
[Black "None"]
[Result "0-1"]
[WhiteElo "1163"]
[BlackElo "1319"]

1. e3 a6 2. Be2 d5 3. Nf3 Bf5 4. Nc3 e6 5. Nd4 Qg5 6. Rg1 c5 7. Nf3 Qh6 8. b3
Bd6 9. a4 Bg4 10. g3 Bxf3 11. Bxf3 Be5 12. Bb2 Nf6 13. Ra3 O-O 14. a5 Nc6 15.
Ra4 d4 16. exd4 Bxd4 17. Qe2 Rfd8 18. Rc4 Nxa5 19. Ra4 Nc6 20. Rf1 b5 21. Ra3 b4
22. Rxa6 Ne5 23. Bxa8 Qxh2 24. Kd1 Bxc3 25. Qxe5 Bxe5 0-1